LEADER 01129nam a2200265 4500 001 000000352887 003 CaOOAMICUS 005 20230207122242.0 008 230207s2021 it 000 u ita r 020 $a978-88-922270-7-1 040 $aSeMil$bita 100 1 $aManiglia, Andrea.$0(OLS)http://semarc/name/112170 245 10$aVisioni e locuzioni interiori :$bi messaggi del Cielo /$cAndrea Maniglia. 264 1$aCinisello Balsamo :$bSan Paolo,$c2021. 300 $a109 p. ;$c19 cm 490 1 $aMiracoli e prodigi 500 $aDistribuito con i settimanali: Famiglia Cristiana, Credere, Maria con te 650 4$aMiracoli.$0(OLS)http://semarc/subject/4250 830 0$aMiracoli e prodigi.$0(OLS)http://semarc/title/442822 850 $aSeMil 852 $aSeMil$W1$xVenegono$y1$m2C I 197$j237101$B244107$CSeMilBibl$Z2$F244107 $81 996 $6020$a978-88-922270-7-1$9(OLS)http://semarc/number/297613 996 $6245$aVisioni e locuzioni interiori :$bi messaggi del Cielo$9(OLS)http://semarc/title/442832 996 $6264$aCinisello Balsamo :$bSan Paolo$9(OLS)http://semarc/publisher/30129 LEADER 01052nam a2200265 i 4500 001 000000038283 003 CaOOAMICUS 005 19931231000000.0 008 931231s1968 it u000 u ita u 013 $a8708 040 $aSeMil$bita 100 1 $aBrecht, Bertolt,$d<1898-1956>.$0(OLS)http://semarc/name/2595 240 10$aSchweyk im zweiten Weltkrieg.$0(OLS)http://semarc/title/53974 245 10$aSvejk nella seconda guerra mondiale /$cBertolt Brecht. 250 $a2. ed. 260 $aTorino :$bGiulio Einaudi,$c1968. 300 $a90 p. ;$c19 cm. 490 0 $aCollezione di teatro ;$v45 650 4$aLetteratura drammatica tedesca.$0(OLS)http://semarc/subject/7743 830 0$aCollezione di teatro ;$v45.$0(OLS)http://semarc/title/6906 850 $aSeMil 852 $aSeMil$W1$xVenegono$y1$m1O I 28$j4438$B4438$CSeMilBibl$Z2$F4438 $81 961 $aOmaggio: Deposito 996 $6245$aSvejk nella seconda guerra mondiale$9(OLS)http://semarc/title/53973 996 $6260$aTorino :$bGiulio Einaudi$9(OLS)http://semarc/publisher/29810